书目信息 |
| 题名: |
话说长江
|
|
| 作者: | ;戴维宇 主编 ;中央电视台 编 | |
| 分册: | ||
| 出版信息: | 北京 中国青年出版社 1985 |
|
| 页数: | 394页 | |
| 开本: | 19cm | |
| 丛书名: | 祖国丛书 | |
| 单 册: | ||
| 中图分类: | K928.42 | |
| 科图分类: | ||
| 主题词: | ||
| 电子资源: | ||
| ISBN: | ||
| 000 | 00740nam2 2200277 45 | |
| 001 | 0185010133 | |
| 005 | 20040512161645.3 | |
| 010 | @dCNY2.25 | |
| 091 | @a12009.80 | |
| 100 | @a19901008d1985 em y0chiy0121 ea | |
| 101 | 0 | @achi |
| 102 | @aCN@b110000 | |
| 105 | @abc z 000yy | |
| 106 | @ar | |
| 200 | 10 | @a话说长江@Ahua shuo chang jiang@f中央电视台编@g戴维宇主编 |
| 210 | @a北京@c中国青年出版社@d1985 | |
| 215 | @a394页@d19cm | |
| 225 | 2 | @a祖国丛书 |
| 410 | 0 | @120010@a祖国丛书 |
| 607 | @a长江 | |
| 690 | @aK928.42@v3 | |
| 702 | 0 | @a戴维宇@Adai wei yu@4主编 |
| 711 | 02 | @a中央电视台@Azhong yang dian shi tai@4编 |
| 801 | 0 | @aCN@b深圳图书馆@c20040512 |
| 801 | 2 | @aCN@bNLC@c20040512 |
| 905 | @f2@b162598-599@dK928.42@e105 | |
| 话说长江/中央电视台编/戴维宇主编.-北京:中国青年出版社,1985 |
| 394页;19cm.-(祖国丛书) |
| ISBN :CNY2.25 |
| ● |
| 相关链接 |
|
|
|
|
正题名:话说长江
索取号:K928.42/105
 
预约/预借
| 序号 | 登录号 | 条形码 | 馆藏地/架位号 | 状态 | 备注 |
| 1 | 0162598 | 000081404 | 密集书库/ [索取号:K928.42/105] | 在馆 | |
| 2 | 0162599 | 000081397 | 密集书库/ [索取号:K928.42/105] | 在馆 | |
| 3 | 0162600 | 202091002 | 第二样本阅览室/ [索取号:K928.42/105] | 在馆 |